000 01114nas a2200373 4500
001 BR2012009293
003 BR-BrBNA
005 20231205121644.0
007 ta
008 230509b bl.|||p| |||| 00| 00por d
040 _aBR-BrBNA
_bpor
_cBiblioteca Nacional de Agricultura
041 _a(En)
072 _aL02; L52
100 1 _aLopez, C.A.A.
100 1 _aLima, K.R.S.
100 1 _aManno, M.C.
100 1 _aTavares, F.B.
100 1 _aFernandes Neto, D.L.
100 1 _aJesus, M.L.C.
100 1 _aViana, M.A.O.
100 1 _aFonseca, L.A.B.
245 1 _aEffects of cashew nut shell liquid (CNSL)on the performance of broiler chickens
650 _aFRANGO DE CORTE
650 _aCASTANHA DE CAJU
650 _aCONVERSÃO ALIMENTAR
650 _aCARCAÇA
650 _aRENDIMENTO
650 _aPERFORMANCE
650 _aINTESTINO
650 _aESCHERICHIA COLI
773 0 _tArquivo Brasileiro de Medicina Veterinária e Zootecnia (Brazil)
_xISSN 0102-0935
_g(Aug 2012), v. 64(4) p. 1027-1035
_wBR2012009293
909 _a202311
_bLúcia
_c55
_dLúcia Elande
942 _2AGRIS
_n0
_cANA
999 _c224581
_d224581